<?xml version="1.0" encoding="UTF-8"?>
<marc:record xmlns:marc="http://www.loc.gov/MARC21/slim">
   <marc:leader>00000nam a2200000 a 4500</marc:leader>
   <marc:datafield ind1="0" ind2="0" tag="245">
      <marc:subfield code="a">Just 5 Fun</marc:subfield>
   </marc:datafield>
   <marc:datafield ind1="0" ind2="0" tag="245">
      <marc:subfield code="b">Colours</marc:subfield>
   </marc:datafield>
   <marc:datafield ind1=" " ind2="1" tag="264">
      <marc:subfield code="a">Stuttgart</marc:subfield>
      <marc:subfield code="b">Kosmos</marc:subfield>
      <marc:subfield code="c">2014</marc:subfield>
   </marc:datafield>
   <marc:datafield ind1="1" ind2=" " tag="520">
      <marc:subfield code="a">Auf dem Spielplan müssen die eigenen Spielfiguren so platziert werden, dass man damit vier benachbarte Feldern in einer Reihe (waagereicht, senkrecht oder diagonal) besitzt. Hierzu spielt man aus der Hand eine Karte in der Farbe des Feldes aus, auf das man seinen Stein setzen will. Befindet sich dort schon der Stein des Mitspielers, muss man dafür zwei Farbkarten ausspielen usw. Je höher ein Turm wird, umso mehr Karten braucht man, um ihn zu besetzen. Ein Feld zählt aber nur, wenn man den obersten Stein auf dem Feld stehen hat. Ist eine Reihe vollständig, hat der Spieler gewonnen. Die Regeln sind ganz einfach, das Spiel ist spannend und schnell gespielt.</marc:subfield>
   </marc:datafield>
   <marc:datafield ind1="0" ind2=" " tag="490">
      <marc:subfield code="v">0</marc:subfield>
   </marc:datafield>
</marc:record>
